<?xml version="1.0" encoding="UTF-8"?>
<record
    xmlns:xsi="http://www.w3.org/2001/XMLSchema-instance"
    xsi:schemaLocation="http://www.loc.gov/MARC21/slim http://www.loc.gov/standards/marcxml/schema/MARC21slim.xsd"
    xmlns="http://www.loc.gov/MARC21/slim">

  <leader>00855nam a2200217 a 4500</leader>
  <controlfield tag="001">78291</controlfield>
  <controlfield tag="003">BD-RjUL</controlfield>
  <controlfield tag="005">20220106123519.0</controlfield>
  <controlfield tag="008">210905s20021423bg ||||| |||| 001 0 eng d</controlfield>
  <datafield tag="035" ind1=" " ind2=" ">
    <subfield code="a">(BD-RjUL)78517</subfield>
  </datafield>
  <datafield tag="040" ind1=" " ind2=" ">
    <subfield code="a">BD-RjUL</subfield>
    <subfield code="b">eng</subfield>
    <subfield code="c">BD-RjUL</subfield>
  </datafield>
  <datafield tag="041" ind1=" " ind2=" ">
    <subfield code="a">ara</subfield>
  </datafield>
  <datafield tag="082" ind1=" " ind2=" ">
    <subfield code="2">23</subfield>
    <subfield code="a">297.12551</subfield>
    <subfield code="b">DAU 2002</subfield>
  </datafield>
  <datafield tag="100" ind1=" " ind2=" ">
    <subfield code="a">&#x627;&#x644;&#x631;&#x62D;&#x645;&#x646;, &#x645;&#x62D;&#x645;&#x62F; &#x645;&#x62D;&#x628;&#x648;&#x628;</subfield>
    <subfield code="9">247377</subfield>
  </datafield>
  <datafield tag="245" ind1="1" ind2="4">
    <subfield code="a">&#x627;&#x644;&#x627;&#x645;&#x627;&#x645; &#x627;&#x628;&#x648; &#x62F;&#x627;&#x648;&#x62F;  : &#x648;&#x623;&#x62B;&#x631;&#x647; &#x641;&#x64A; &#x639;&#x644;&#x645; &#x627;&#x644;&#x62D;&#x62F;&#x64A;&#x62B;   ;; alamam abu dawud wa'atharuh fi eilm alhadith /</subfield>
    <subfield code="c">Muhammad Mahbub Rahman ;; &#x645;&#x62D;&#x645;&#x62F; &#x645;&#x62D;&#x628;&#x648;&#x628; &#x627;&#x644;&#x631;&#x62D;&#x645;&#x646;</subfield>
  </datafield>
  <datafield tag="264" ind1=" " ind2=" ">
    <subfield code="a">&#x631;&#x627;&#x62C;&#x634;&#x627;&#x647;&#x64A;:</subfield>
    <subfield code="b">&#x627;&#x644;&#x645;&#x643;&#x62A;&#x628;&#x629; &#x627;&#x644;&#x634;&#x627;&#x641;&#x64A;&#x629;,</subfield>
    <subfield code="c">2002[1423]</subfield>
  </datafield>
  <datafield tag="300" ind1=" " ind2=" ">
    <subfield code="a">324 p. ;</subfield>
    <subfield code="c">21 cm</subfield>
  </datafield>
  <datafield tag="600" ind1=" " ind2=" ">
    <subfield code="a">Abu-Da'ud Sulayman al-Ash'ath al-Sijistani,</subfield>
    <subfield code="d">817 or 818-889.</subfield>
    <subfield code="9">562</subfield>
  </datafield>
  <datafield tag="700" ind1=" " ind2=" ">
    <subfield code="a">Rahman, Muhammed Mahboub ;; &#x627;&#x644;&#x631;&#x62D;&#x645;&#x646;, &#x645;&#x62D;&#x645;&#x62F; &#x645;&#x62D;&#x628;&#x648;&#x628;</subfield>
    <subfield code="9">563</subfield>
  </datafield>
  <datafield tag="942" ind1=" " ind2=" ">
    <subfield code="2">ddc</subfield>
    <subfield code="c">BK</subfield>
  </datafield>
  <datafield tag="999" ind1=" " ind2=" ">
    <subfield code="c">78291</subfield>
    <subfield code="d">78291</subfield>
  </datafield>
  <datafield tag="952" ind1=" " ind2=" ">
    <subfield code="0">0</subfield>
    <subfield code="1">0</subfield>
    <subfield code="2">ddc</subfield>
    <subfield code="4">0</subfield>
    <subfield code="7">1</subfield>
    <subfield code="8">NFIC</subfield>
    <subfield code="a">RUCL</subfield>
    <subfield code="b">RUCL</subfield>
    <subfield code="c">Stack</subfield>
    <subfield code="d">2003-05-27</subfield>
    <subfield code="e">Autor</subfield>
    <subfield code="g">200.00</subfield>
    <subfield code="l">0</subfield>
    <subfield code="o">A 297.12551 DAU 2002</subfield>
    <subfield code="r">2021-09-05 00:00:00</subfield>
    <subfield code="t">C-2</subfield>
    <subfield code="w">2021-12-09</subfield>
    <subfield code="y">BK</subfield>
  </datafield>
  <datafield tag="952" ind1=" " ind2=" ">
    <subfield code="0">0</subfield>
    <subfield code="1">0</subfield>
    <subfield code="2">ddc</subfield>
    <subfield code="4">0</subfield>
    <subfield code="7">1</subfield>
    <subfield code="8">NFIC</subfield>
    <subfield code="a">RUCL</subfield>
    <subfield code="b">RUCL</subfield>
    <subfield code="c">Stack</subfield>
    <subfield code="d">2003-05-27</subfield>
    <subfield code="e">Autor</subfield>
    <subfield code="g">200.00</subfield>
    <subfield code="l">0</subfield>
    <subfield code="o">A 297.12551 DAU 2002</subfield>
    <subfield code="r">2021-09-05 00:00:00</subfield>
    <subfield code="t">C-3</subfield>
    <subfield code="w">2021-12-09</subfield>
    <subfield code="y">BK</subfield>
  </datafield>
  <datafield tag="952" ind1=" " ind2=" ">
    <subfield code="0">0</subfield>
    <subfield code="1">0</subfield>
    <subfield code="2">ddc</subfield>
    <subfield code="4">0</subfield>
    <subfield code="7">0</subfield>
    <subfield code="8">NFIC</subfield>
    <subfield code="a">RUCL</subfield>
    <subfield code="b">RUCL</subfield>
    <subfield code="c">Reading</subfield>
    <subfield code="d">2003-05-27</subfield>
    <subfield code="e">Author</subfield>
    <subfield code="g">200.00</subfield>
    <subfield code="l">0</subfield>
    <subfield code="o">A 297.12551 DAU 2002</subfield>
    <subfield code="r">2021-09-07 00:00:00</subfield>
    <subfield code="t">C-1</subfield>
    <subfield code="w">2021-09-07</subfield>
    <subfield code="y">BK</subfield>
  </datafield>
  <datafield tag="952" ind1=" " ind2=" ">
    <subfield code="0">0</subfield>
    <subfield code="1">0</subfield>
    <subfield code="2">ddc</subfield>
    <subfield code="4">0</subfield>
    <subfield code="7">0</subfield>
    <subfield code="8">NFIC</subfield>
    <subfield code="a">RUCL</subfield>
    <subfield code="b">RUCL</subfield>
    <subfield code="c">GEN</subfield>
    <subfield code="d">2003-05-03</subfield>
    <subfield code="e">Author</subfield>
    <subfield code="g">200.00</subfield>
    <subfield code="l">0</subfield>
    <subfield code="o">A 297.12551 DAU 2002</subfield>
    <subfield code="r">2022-01-06 00:00:00</subfield>
    <subfield code="t">C-4</subfield>
    <subfield code="w">2022-01-06</subfield>
    <subfield code="y">BK</subfield>
  </datafield>
  <datafield tag="952" ind1=" " ind2=" ">
    <subfield code="0">0</subfield>
    <subfield code="1">0</subfield>
    <subfield code="2">ddc</subfield>
    <subfield code="4">0</subfield>
    <subfield code="7">0</subfield>
    <subfield code="8">NFIC</subfield>
    <subfield code="a">RUCL</subfield>
    <subfield code="b">RUCL</subfield>
    <subfield code="c">GEN</subfield>
    <subfield code="d">2003-05-03</subfield>
    <subfield code="e">Author</subfield>
    <subfield code="g">200.00</subfield>
    <subfield code="o">A 297.12551 DAU 2002</subfield>
    <subfield code="r">2022-01-06 00:00:00</subfield>
    <subfield code="t">C-5</subfield>
    <subfield code="y">BK</subfield>
  </datafield>
  <datafield tag="952" ind1=" " ind2=" ">
    <subfield code="0">0</subfield>
    <subfield code="1">0</subfield>
    <subfield code="2">ddc</subfield>
    <subfield code="4">0</subfield>
    <subfield code="7">0</subfield>
    <subfield code="8">NFIC</subfield>
    <subfield code="a">RUCL</subfield>
    <subfield code="b">RUCL</subfield>
    <subfield code="c">GEN</subfield>
    <subfield code="d">2003-05-03</subfield>
    <subfield code="e">Author</subfield>
    <subfield code="g">200.00</subfield>
    <subfield code="o">A 297.12551 DAU 2002</subfield>
    <subfield code="r">2022-01-06 00:00:00</subfield>
    <subfield code="t">C-6</subfield>
    <subfield code="y">BK</subfield>
  </datafield>
  <datafield tag="952" ind1=" " ind2=" ">
    <subfield code="0">0</subfield>
    <subfield code="1">0</subfield>
    <subfield code="2">ddc</subfield>
    <subfield code="4">0</subfield>
    <subfield code="7">0</subfield>
    <subfield code="8">NFIC</subfield>
    <subfield code="a">RUCL</subfield>
    <subfield code="b">RUCL</subfield>
    <subfield code="c">GEN</subfield>
    <subfield code="d">2003-05-03</subfield>
    <subfield code="e">Author</subfield>
    <subfield code="g">200.00</subfield>
    <subfield code="o">A 297.12551 DAU 2002</subfield>
    <subfield code="r">2022-01-06 00:00:00</subfield>
    <subfield code="t">C-7</subfield>
    <subfield code="y">BK</subfield>
  </datafield>
  <datafield tag="952" ind1=" " ind2=" ">
    <subfield code="0">0</subfield>
    <subfield code="1">0</subfield>
    <subfield code="2">ddc</subfield>
    <subfield code="4">0</subfield>
    <subfield code="7">0</subfield>
    <subfield code="8">NFIC</subfield>
    <subfield code="a">RUCL</subfield>
    <subfield code="b">RUCL</subfield>
    <subfield code="c">GEN</subfield>
    <subfield code="d">2003-05-03</subfield>
    <subfield code="e">Author</subfield>
    <subfield code="g">200.00</subfield>
    <subfield code="o">A 297.12551 DAU 2002</subfield>
    <subfield code="r">2022-01-06 00:00:00</subfield>
    <subfield code="t">C-8</subfield>
    <subfield code="y">BK</subfield>
  </datafield>
  <datafield tag="952" ind1=" " ind2=" ">
    <subfield code="0">0</subfield>
    <subfield code="1">0</subfield>
    <subfield code="2">ddc</subfield>
    <subfield code="4">0</subfield>
    <subfield code="7">0</subfield>
    <subfield code="8">NFIC</subfield>
    <subfield code="a">RUCL</subfield>
    <subfield code="b">RUCL</subfield>
    <subfield code="c">GEN</subfield>
    <subfield code="d">2003-05-03</subfield>
    <subfield code="e">Author</subfield>
    <subfield code="g">200.00</subfield>
    <subfield code="o">A 297.12551 DAU 2002</subfield>
    <subfield code="r">2022-01-06 00:00:00</subfield>
    <subfield code="t">C-9</subfield>
    <subfield code="y">BK</subfield>
  </datafield>
  <datafield tag="952" ind1=" " ind2=" ">
    <subfield code="0">0</subfield>
    <subfield code="1">0</subfield>
    <subfield code="2">ddc</subfield>
    <subfield code="4">0</subfield>
    <subfield code="7">0</subfield>
    <subfield code="8">NFIC</subfield>
    <subfield code="a">RUCL</subfield>
    <subfield code="b">RUCL</subfield>
    <subfield code="c">GEN</subfield>
    <subfield code="d">2003-05-17</subfield>
    <subfield code="e">Author</subfield>
    <subfield code="g">200.00</subfield>
    <subfield code="l">0</subfield>
    <subfield code="o">A 297.12551 DAU 2002</subfield>
    <subfield code="r">2022-01-13 00:00:00</subfield>
    <subfield code="t">C-10</subfield>
    <subfield code="w">2022-01-13</subfield>
    <subfield code="y">BK</subfield>
  </datafield>
</record>
